000
00213nam a22000857a 4500
008
170119b xxu||||| |||| 00| 0 eng d
100
_9
2504
_a
NCERT
245
_a
Environmental Education-2
260
_a
New Delhi
_b
APC
_c
2010
999
_c
5574
_d
5574